| 000 | 00349nam a2200133Ia 4500 | ||
|---|---|---|---|
| 005 | 20251222143140.0 | ||
| 008 | 251222s9999||||xx |||||||||||||| ||spa|| | ||
| 020 | _a84-9784-173-5 | ||
| 082 | _a001.422/V34 | ||
| 100 | _aVasilachis de Gialdino, Irene, coor. | ||
| 245 | 0 | _aEstrategias de investigación cualitativa | |
| 264 | _bGedisa | ||
| 942 | _cLIB | ||
| 999 |
_c12259 _d12259 |
||